The conduct of inquiry in international relations : (Record no. 22063)

MARC details
000 -LEADER
fixed length control field 01124cam a22003135a 4500
001 - CONTROL NUMBER
control field 16143665
005 - DATE AND TIME OF LATEST TRANSACTION
control field 20201128023758.0
008 - FIXED-LENGTH DATA ELEMENTS--GENERAL INFORMATION
fixed length control field 100318s2011 enk frb 001 0 eng d
010 ## - LIBRARY OF CONGRESS CONTROL NUMBER
LC control number 2010010523
020 ## - INTERNATIONAL STANDARD BOOK NUMBER
International Standard Book Number 9780415776264
020 ## - INTERNATIONAL STANDARD BOOK NUMBER
International Standard Book Number 9780415776271
020 ## - INTERNATIONAL STANDARD BOOK NUMBER
International Standard Book Number 9780203843321
040 ## - CATALOGING SOURCE
Original cataloging agency DLC
Language of cataloging eng
Transcribing agency DLC
Modifying agency DLC
-- EG-ScBUE
082 04 - DEWEY DECIMAL CLASSIFICATION NUMBER
Classification number 327.101
Item number JAC
Edition number 22
100 1# - MAIN ENTRY--PERSONAL NAME
Personal name Jackson, Patrick Thaddeus
Dates associated with a name 1972-
9 (RLIN) 40509
245 14 - TITLE STATEMENT
Title The conduct of inquiry in international relations :
Remainder of title philosophy of science and its implications for the study of world politics /
Statement of responsibility, etc Patrick Thaddeus Jackson.
260 ## - PUBLICATION, DISTRIBUTION, ETC. (IMPRINT)
Place of publication, distribution, etc London ;
-- New York :
Name of publisher, distributor, etc Routledge,
Date of publication, distribution, etc c.2011.
300 ## - PHYSICAL DESCRIPTION
Extent xiv, 268 p. ;
Dimensions 24 cm.
490 0# - Series Statement
Series statement New international relations
500 ## - GENERAL NOTE
General note Index : p. 259-268.<br/>
504 ## - BIBLIOGRAPHY, ETC. NOTE
Bibliography, etc Bibliography : p. 239-258.<br/>
650 #7 - SUBJECT ADDED ENTRY--TOPICAL TERM
Topical term or geographic name as entry element International relations
General subdivision Philosophy.
Source of heading or term BUEsh
9 (RLIN) 2834
650 #7 - SUBJECT ADDED ENTRY--TOPICAL TERM
Topical term or geographic name as entry element International relations
General subdivision Methodology.
Source of heading or term BUEsh
9 (RLIN) 40517
650 #7 - SUBJECT ADDED ENTRY--TOPICAL TERM
Topical term or geographic name as entry element International relations
General subdivision Research.
Source of heading or term BUEsh
9 (RLIN) 2833
650 #7 - SUBJECT ADDED ENTRY--TOPICAL TERM
Topical term or geographic name as entry element World politics.
Source of heading or term BUEsh
9 (RLIN) 11141
651 ## - SUBJECT ADDED ENTRY--GEOGRAPHIC NAME
Source of heading or term BUEsh
653 ## - INDEX TERM--UNCONTROLLED
Resource For college Law
Arrived date list July2016
942 ## - ADDED ENTRY ELEMENTS (KOHA)
Source of classification or shelving scheme Dewey Decimal Classification
Holdings
Withdrawn status Item status Source of classification or shelving scheme Damaged status Not for loan Vendor Home library Current library Shelving location Date acquired Source of acquisition Cost, normal purchase price Serial Enumeration / chronology Total Checkouts Full call number Barcode Date last seen Cost, replacement price Koha item type
    Dewey Decimal Classification     Baccah Central Library Central Library First floor 28/07/2016 Purchase 462.00 26080   327.101 JAC 000033088 15/07/2025 577.50 Book - Borrowing
    Dewey Decimal Classification     Baccah Central Library Central Library First floor 28/07/2016 Purchase 462.00 26080   327.101 JAC 000033089 15/07/2025 577.50 Book - Borrowing